| 000 | 00544cam a2200181 a 4500 | ||
|---|---|---|---|
| 020 | _a0827362218 | ||
| 082 | 0 | 0 |
_a624.1821 _bBUR _cN-01, P101 |
| 100 | 1 |
_aBurns, Thomas, _943032 |
|
| 245 | 1 | 0 |
_aStructural steel design-LRFD / _cThomas Burns. |
| 260 |
_aAlbany : _bDelmar Publishers, _cc1995. |
||
| 300 |
_axi, 388 p. : _bill. ; _c25 cm. |
||
| 526 |
_a0 _b0 _c0 _d624_182100000000000_BUR |
||
| 650 | 0 | _aBuilding, Iron and steel. | |
| 650 | 0 |
_aLoad factor design. _922312 |
|
| 650 | 0 |
_aNUST _96342 |
|
| 650 | 0 | _aSteel, Structural. | |
| 942 |
_2ddc _cBK |
||
| 999 |
_c547731 _d547731 |
||